Basic medical microbiology

Đã lưu trong:
書目詳細資料
主要作者: Murray, Patrick R
格式: Sách
語言:Undetermined
出版: Elsevier 2018
主題:
標簽: 添加標簽
沒有標簽, 成為第一個標記此記錄!
Thư viện lưu trữ: Trung tâm Thư viện - Trường Đại học Công nghiệp TP. Hồ Chí Minh
LEADER 00465nam a2200157Ia 4500
001 UIH_00260
008 230809s9999 xx 000 0 und d
082 |a 579.2 
100 |a Murray, Patrick R 
245 0 |a Basic medical microbiology 
245 0 |c Murray, Patrick R 
260 |b Elsevier 
260 |c 2018 
650 |a Medical microbiology;Microbiology; 
927 |a Sách 
980 |a Trung tâm Thư viện - Trường Đại học Công nghiệp TP. Hồ Chí Minh